| 000 | 00818nam a2200193Ia 4500 | ||
|---|---|---|---|
| 008 | 151121s9999||||xx |||||||||||||| ||und|| | ||
| 082 | _a190 / जोशी | ||
| 082 | _bHNW-75280 | ||
| 100 | _aजोशी ग। ना।- संपा। | ||
| 245 | _aपाश्चात्य तत्त्वज्ञानाची कहाणी | ||
| 260 | _b"चेतश्री प्रकाशन, अंमळनेर" | ||
| 260 | _c-- | ||
| 300 | _a556 | ||
| 600 | _aजोशी ग। ना।- संपा। | ||
| 630 | _aपाश्चात्य तत्त्वज्ञानाची कहाणी | ||
| 700 | _aजोशी ग। ना।- संपा। | ||
| 730 | _aपाश्चात्य तत्त्वज्ञानाची कहाणी | ||
| 942 | _cBOOK | ||
| 999 |
_c1256723 _d1256720 |
||